| 000 -LEADER |
| fixed length control field |
00466cam a22001217a 4500 |
| 008 - FIXED-LENGTH DATA ELEMENTS--GENERAL INFORMATION |
| fixed length control field |
180718b2013 xxu||||| |||| 00| 0 eng d |
| 082 ## - DEWEY DECIMAL CLASSIFICATION NUMBER |
| Classification number |
L906x5421 C/M |
| 100 ## - MAIN ENTRY--PERSONAL NAME |
| Personal name |
Government of India |
| 245 ## - TITLE STATEMENT |
| Title |
Report of the comptroller and auditor general of India on performance audit of Mahatma Gandhi National Rural Employment Guarantee scheme 2012 |
| Statement of responsibility, etc. |
Government of Uttar Pradesh |
| 260 ## - PUBLICATION, DISTRIBUTION, ETC. |
| Place of publication, distribution, etc. |
Luknow |
| Name of publisher, distributor, etc. |
Government of Uttar pradesh |
| Date of publication, distribution, etc. |
2013 |
| 300 ## - PHYSICAL DESCRIPTION |
| Extent |
101p. |
| 650 ## - SUBJECT ADDED ENTRY--TOPICAL TERM |
| Topical term or geographic name entry element |
MGNREGS |